[Event "51st World Juniors"]
[Site "Athens GRE"]
[Date "2012.08.07"]
[Round "6.60"]
[White "Zervos, Lazaros"]
[Black "Vaicekauskas, Gytis"]
[Result "0-1"]
[WhiteElo "1799"]
[BlackElo "2079"]
[WhiteFideId "4238362"]
[BlackFideId "12805459"]
[EventDate "2012.08.02"]

1. e4 e6 2. b3 b6 3. Bb2 Bb7 4. Nc3 Nf6 5. e5 Nd5 6. Nf3 Nf4 7. a3 g5 8. h3 Bg7
9. d4 d6 10. exd6 cxd6 11. g3 Ng6 12. Bg2 h6 13. Qd2 a6 14. O-O-O Nd7 15. Rde1
Qc7 16. Qd3 O-O-O 17. Kb1 Kb8 18. Rc1 Rhe8 19. Ne1 Nf6 20. Bxb7 Qxb7 21. Qf3 d5
22. Nd3 Ne4 23. Qe3 Ne7 24. g4 Nd6 25. Rhe1 Nc6 26. Ne2 Ka7 27. Ne5 Na5 28. Ng3
Rc8 29. f4 gxf4 30. Qxf4 Rc7 31. Nh5 Bf8 32. Nf6 Rec8 33. h4 Nb5 34. Ka2 Rxc2
35. Rxc2 Rxc2 36. Kb1 Qc7 37. Rc1 Rxb2+ 38. Kxb2 Bxa3+ 39. Kb1 Nc3+ 40. Kc2 Bxc1
41. Ne8 Bxf4 42. Nxc7 Bxe5 43. dxe5 Ne4 44. Ne8 Nc6 45. g5 hxg5 46. h5 Nxe5 0-1

[Event "51st World Juniors"]
[Site "Athens GRE"]
[Date "2012.08.07"]
[Round "6.61"]
[White "Davis, Ashley J"]
[Black "Edwards, Jonathan"]
[Result "0-1"]
[WhiteElo "1929"]
[BlackElo "2170"]
[WhiteFideId "407798"]
[BlackFideId "2402912"]
[EventDate "2012.08.02"]

1. d4 Nf6 2. g3 g6 3. Bg2 Bg7 4. e4 d6 5. c4 Nbd7 6. Nc3 O-O 7. Nf3 e5 8. O-O c6
9. h3 Qb6 10. c5 dxc5 11. dxe5 Ne8 12. Bg5 Nc7 13. Qc2 Re8 14. Na4 Qb5 15. Rfe1
Ne6 16. Bd2 Nxe5 17. Nxe5 Bxe5 18. Bf1 Nd4 19. Qd1 c4 20. Rc1 Qa6 21. Bxc4 b5
22. Nc5 Qb6 23. Bf1 Be6 24. Nxe6 Rxe6 25. Be3 Rd8 26. Bxd4 Rxd4 27. Qg4 Rd2 28.
Re2 Rxe2 29. Qxe2 Bxg3 30. Kg2 Bh4 31. f4 Qd4 32. Rc2 Rxe4 0-1

[Event "51st World Juniors"]
[Site "Athens GRE"]
[Date "2012.08.07"]
[Round "6.62"]
[White "Carbone, Diego"]
[Black "Wu, Kevin"]
[Result "1-0"]
[WhiteElo "2069"]
[BlackElo "1905"]
[WhiteFideId "3002179"]
[BlackFideId "2609720"]
[EventDate "2012.08.02"]

1. d4 g6 2. Nf3 Bg7 3. g3 Nf6 4. c4 O-O 5. Nc3 d6 6. Bg2 Nc6 7. O-O Bg4 8. d5
Ne5 9. Nd2 Qc8 10. Qe1 Bh3 11. f4 Bxg2 12. fxe5 Bxf1 13. exf6 Bxf6 14. Qxf1 Bd4+
15. Kg2 f5 16. Nf3 Bxc3 17. bxc3 c6 18. Bh6 Rf6 19. Qd1 e6 20. Ng5 exd5 21. Qd4
Qd8 22. Bg7 Rf7 23. Nxf7 Kxf7 24. Bh6 Qe7 25. Qg7+ Ke6 26. cxd5+ cxd5 27. Qd4
Kd7 28. Qxd5 Qxe2+ 29. Kg1 Qe4 30. Qxe4 fxe4 31. Rf1 Rc8 32. Bg7 Ke6 33. Kf2 Rc4
34. Ke3 Ra4 35. Rf2 d5 36. Bd4 b6 37. h4 b5 38. Rb2 a6 39. g4 a5 40. Rxb5 Rxa2
41. Rb6+ Kf7 42. Rb7+ Ke6 43. Rxh7 Rh2 44. h5 gxh5 45. Rh6+ Kf7 46. g5 Rg2 47.
Rf6+ Kg8 48. g6 h4 49. Ra6 Kf8 50. g7+ Kg8 51. Ra8+ Kf7 52. Rf8+ 1-0

[Event "51st World Juniors"]
[Site "Athens GRE"]
[Date "2012.08.07"]
[Round "6.63"]
[White "Papasimakopoulos, Vasilios"]
[Black "Jefic, Srdjan"]
[Result "1-0"]
[WhiteElo "1820"]
[BlackElo "2165"]
[WhiteFideId "4244141"]
[BlackFideId "14403080"]
[EventDate "2012.08.02"]

1. Nf3 d5 2. c4 c6 3. cxd5 cxd5 4. d4 Nf6 5. Nc3 Nc6 6. Bf4 Bf5 7. e3 e6 8. Ne5
Be7 9. g4 Nxe5 10. gxf5 Ned7 11. Bg2 exf5 12. Bxd5 Nxd5 13. Nxd5 Qa5+ 14. Nc3
O-O 15. O-O Rac8 16. Qb3 Qa6 17. Nd5 Bd6 18. Bg3 h5 19. Rfc1 Kh7 20. Rxc8 Rxc8
21. Bxd6 Qxd6 22. Nf4 Qf6 23. Qxb7 Nb6 24. Qf3 g6 25. Nd3 Nc4 26. Rd1 Re8 27.
Kh1 Nd6 28. Rc1 Ne4 29. Ne5 Re7 30. Qe2 Qd6 31. f3 Ng5 32. Rc6 Qd5 33. Ra6 f4
34. e4 Qb7 35. Nc6 Rc7 36. d5 Qc8 37. Ra3 Qh3 38. Qg2 Qh4 39. Qf1 Rb7 40. b4 a5
41. Rxa5 Nxf3 42. Qxf3 Qe1+ 43. Kg2 Qd2+ 44. Qf2 Qd3 45. Qxf4 Qe2+ 46. Kg3 Qe1+
47. Kh3 Qc3+ 48. Qg3 Qc4 49. Qf3 Qc1 50. Ra7 Rxa7 51. Nxa7 Kh6 52. Nc6 g5 53.
Qf6+ Kh7 54. Qf5+ Kh6 55. Ne5 Qc3+ 56. Kg2 Qb2+ 57. Kg3 h4+ 58. Kh3 1-0

[Event "51st World Juniors"]
[Site "Athens GRE"]
[Date "2012.08.07"]
[Round "6.64"]
[White "Panagos, Theodoros"]
[Black "Arat, Ufuk Sezen"]
[Result "0-1"]
[WhiteElo "1768"]
[BlackElo "2124"]
[WhiteFideId "4236955"]
[BlackFideId "6309089"]
[EventDate "2012.08.02"]

1. e4 g6 2. d4 Bg7 3. Nc3 d6 4. f4 Nf6 5. Nf3 O-O 6. Bd3 Na6 7. O-O c5 8. Bxa6
cxd4 9. Nxd4 bxa6 10. Nb3 a5 11. a4 Qb6+ 12. Kh1 Qb4 13. Qe2 Be6 14. Nd2 Rac8
15. Qb5 Bc4 16. Nxc4 Rxc4 17. e5 dxe5 18. fxe5 Ng4 19. Nd5 a6 20. Nxe7+ Qxe7 21.
Qxc4 Qh4 22. Bf4 g5 23. e6 gxf4 24. h3 Nf2+ 25. Kg1 Nxh3+ 26. gxh3 Qg3+ 27. Kh1
Qxh3+ 28. Kg1 Qg3+ 29. Kh1 f3 30. exf7+ Kh8 31. Rf2 Qxf2 32. Rg1 Qd4 33. Qxd4
Bxd4 34. Rg3 Rxf7 0-1

[Event "51st World Juniors"]
[Site "Athens GRE"]
[Date "2012.08.07"]
[Round "6.65"]
[White "Tsiros, Fragkiskos Vlasios"]
[Black "Cajahuanca Ramirez, Olindo"]
[Result "0-1"]
[WhiteElo "1897"]
[BlackElo "1856"]
[WhiteFideId "4228200"]
[BlackFideId "3811530"]
[EventDate "2012.08.02"]

1. e4 c5 2. Nf3 d6 3. d4 cxd4 4. Nxd4 Nf6 5. Nc3 a6 6. h3 e5 7. Nde2 h5 8. Bg5
Be7 9. Qd2 Be6 10. O-O-O Nbd7 11. Ng3 b5 12. a3 Rb8 13. Nf5 Bxf5 14. exf5 b4 15.
axb4 Rxb4 16. Bxf6 Nxf6 17. b3 Rd4 18. Qe2 Rxd1+ 19. Qxd1 d5 20. Kb2 d4 21. Nb1
Qa5 22. Qe2 O-O 23. Qxa6 Qd5 24. Qc4 Qe4 25. Qd3 Qf4 26. Qf3 Qh6 27. Bd3 Rd8 28.
Rd1 Bb4 29. Bc4 e4 30. Qe2 Qf4 31. f3 Qe5 32. Bd3 e3 33. Bc4 d3+ 34. c3 dxe2 35.
Rxd8+ Kh7 36. Bxe2 Nd5 37. Rc8 Nf4 38. Rc4 Nxe2 39. Rxb4 Nxc3 40. Nxc3 e2 41.
Re4 e1=Q 0-1

[Event "51st World Juniors"]
[Site "Athens GRE"]
[Date "2012.08.08"]
[Round "7.1"]
[White "Ipatov, Alexander"]
[Black "Rapport, Richard"]
[Result "1/2-1/2"]
[WhiteTitle "GM"]
[BlackTitle "GM"]
[WhiteElo "2577"]
[BlackElo "2605"]
[WhiteFideId "14116731"]
[BlackFideId "738590"]
[EventDate "2012.08.02"]

1. d4 d5 2. c4 c6 3. Nf3 Nf6 4. Nbd2 Bf5 5. Nh4 Be4 6. Qb3 Qb6 7. f3 Qxb3 8.
Nxb3 Bc2 9. Bd2 Bxb3 10. axb3 e6 11. g4 h6 12. Rc1 Nbd7 13. Ng2 Bd6 14. h4 e5
15. Ne3 g6 16. dxe5 Bxe5 17. cxd5 cxd5 18. Bh3 Bf4 19. Kd1 Nb6 20. Nc2 Be5 21.
Bc3 d4 22. Nxd4 Rd8 23. e3 Nfd5 24. Ke2 O-O 25. Kf2 Rfe8 26. Rhe1 Bf6 27. Kg3
Nxc3 28. bxc3 Nd5 29. f4 Rxe3+ 30. Rxe3 Nxe3 31. Kf3 Nd5 32. g5 Bg7 33. Ne6 fxe6
34. Bxe6+ Kh7 35. Rd1 Bxc3 1/2-1/2

[Event "51st World Juniors"]
[Site "Athens GRE"]
[Date "2012.08.08"]
[Round "7.2"]
[White "Debashis, Das"]
[Black "Yu, Yangyi"]
[Result "1/2-1/2"]
[WhiteTitle "IM"]
[BlackTitle "GM"]
[WhiteElo "2446"]
[BlackElo "2635"]
[WhiteFideId "5024854"]
[BlackFideId "8603820"]
[EventDate "2012.08.02"]

1. d4 d5 2. c4 c6 3. Nf3 Nf6 4. e3 g6 5. Nc3 Bg7 6. Be2 O-O 7. O-O a6 8. a4 e6
9. b4 Re8 10. Qb3 Nbd7 11. Ba3 b6 12. Rfd1 Bb7 13. Rac1 Qb8 14. h3 dxc4 15. Bxc4
a5 16. bxa5 Rxa5 17. e4 Bf8 18. Bxf8 Rxf8 19. e5 Nd5 20. Ne4 c5 21. Bb5 Nc7 22.
dxc5 Bxe4 23. Rxd7 Nxb5 24. axb5 Bxf3 25. Qxf3 bxc5 26. Rxc5 Rxb5 27. Rcc7 Rxe5
28. Rxf7 Re1+ 29. Kh2 Qxc7+ 30. Rxc7 Rxf3 31. gxf3 1/2-1/2

[Event "51st World Juniors"]
[Site "Athens GRE"]
[Date "2012.08.08"]
[Round "7.3"]
[White "Shimanov, Aleksandr"]
[Black "Grigoryan, Karen H."]
[Result "1/2-1/2"]
[WhiteTitle "GM"]
[BlackTitle "IM"]
[WhiteElo "2596"]
[BlackElo "2529"]
[WhiteFideId "4198603"]
[BlackFideId "13301004"]
[EventDate "2012.08.02"]

1. d4 d5 2. Nf3 Nf6 3. c4 dxc4 4. Nc3 e6 5. e4 Bb4 6. Bxc4 Nxe4 7. O-O Nxc3 8.
bxc3 Be7 9. Ne5 O-O 10. Qg4 Nc6 11. Re1 Kh8 12. Bf4 Nxe5 13. dxe5 f5 14. exf6
Bxf6 15. Rad1 Qe7 16. Be5 Qf7 17. Qf4 Qe7 18. Re2 Bxe5 19. Qxe5 Rb8 20. f4 b5
21. Bxb5 Rb6 22. Red2 Kg8 23. a4 a6 24. Bd7 Rd6 25. Bxc8 Rxc8 26. Rxd6 cxd6 27.
Rxd6 Rxc3 28. Qxe6+ Qxe6 29. Rxe6 Rc4 30. Rxa6 Rxf4 31. a5 Ra4 32. Ra7 Ra2 33.
g4 h6 34. h3 Kh7 35. a6 Kg6 36. Kf1 Kf6 37. Ra8 Kg5 38. Ra7 1/2-1/2

[Event "51st World Juniors"]
[Site "Athens GRE"]
[Date "2012.08.08"]
[Round "7.4"]
[White "Ter-Sahakyan, Samvel"]
[Black "Grandelius, Nils"]
[Result "1/2-1/2"]
[WhiteTitle "GM"]
[BlackTitle "GM"]
[WhiteElo "2567"]
[BlackElo "2562"]
[WhiteFideId "13302531"]
[BlackFideId "1710400"]
[EventDate "2012.08.02"]

1. e4 c5 2. Nf3 e6 3. d4 cxd4 4. Nxd4 a6 5. Bd3 g6 6. O-O Bg7 7. Nb3 Nc6 8. c4
Nge7 9. Nc3 O-O 10. Bg5 h6 11. Bh4 g5 12. Bg3 Ne5 13. Re1 N7g6 14. Bf1 Nf4 15.
a4 Qc7 16. c5 b6 17. cxb6 Qxb6 18. a5 Qb4 19. Na4 Bb7 20. Nac5 Bc6 21. Nxa6 Qb7
22. Nac5 Qb4 23. Na6 Qb7 24. Nac5 Qb4 25. Na6 1/2-1/2

[Event "51st World Juniors"]
[Site "Athens GRE"]
[Date "2012.08.08"]
[Round "7.5"]
[White "Ding, Liren"]
[Black "Baron, Tal"]
[Result "1-0"]
[WhiteTitle "GM"]
[BlackTitle "GM"]
[WhiteElo "2695"]
[BlackElo "2451"]
[WhiteFideId "8603677"]
[BlackFideId "2809958"]
[EventDate "2012.08.02"]

1. Nf3 Nf6 2. c4 e6 3. d4 d5 4. Nc3 Bb4 5. cxd5 exd5 6. Bg5 Nbd7 7. e3 c5 8. Be2
h6 9. Bh4 Qa5 10. O-O Bxc3 11. bxc3 c4 12. Qc2 Ne4 13. Rfc1 Nb6 14. a4 Bf5 15.
Qb2 O-O 16. Bd1 Rfe8 17. Nd2 Nxd2 18. Qxd2 Re6 19. Bc2 Bxc2 20. Qxc2 Nc8 21. Bg3
Qd8 22. Rcb1 Qd7 23. a5 a6 24. Re1 Qe7 25. Qf5 Qd8 26. f3 Ne7 27. Qb1 b5 28.
axb6 Rxb6 29. Qc2 Rb3 30. e4 Qb6 31. Re2 a5 32. Rae1 Qb5 33. Bd6 Ng6 34. g3 Rd8
35. e5 Qd7 36. e6 Qxd6 37. exf7+ Kxf7 38. Re6 Qxe6 39. Rxe6 Kxe6 40. Qxg6+ Kd7
41. Qxg7+ Kc6 42. Qa7 Rxc3 43. Qa6+ Kd7 44. Qxa5 Rc1+ 45. Kg2 Ke8 46. Qb6 Re1
47. Qxh6 Re7 48. Qc6+ Rdd7 49. f4 Kf8 50. f5 Rc7 51. Qd6 Kf7 52. Qxd5+ Kg7 53.
Qd6 Red7 54. Qg6+ Kh8 55. d5 c3 56. d6 1-0

[Event "51st World Juniors"]
[Site "Athens GRE"]
[Date "2012.08.08"]
[Round "7.6"]
[White "Antipov, Mikhail Al."]
[Black "Salem, A.R. Saleh"]
[Result "1-0"]
[WhiteTitle "IM"]
[BlackTitle "GM"]
[WhiteElo "2462"]
[BlackElo "2546"]
[WhiteFideId "4107012"]
[BlackFideId "9301348"]
[EventDate "2012.08.02"]

1. e4 c5 2. Nf3 Nc6 3. d4 cxd4 4. Nxd4 Nf6 5. Nc3 e5 6. Ndb5 d6 7. Bg5 a6 8. Na3
b5 9. Nd5 Be7 10. Bxf6 Bxf6 11. c4 b4 12. Nc2 O-O 13. g3 a5 14. h4 Be6 15. Bh3
a4 16. Nce3 Nd4 17. Kf1 b3 18. a3 g6 19. f4 exf4 20. gxf4 Bg7 21. h5 Bxh3+ 22.
Rxh3 Re8 23. Nc3 Qc8 24. Kg2 Ra5 25. hxg6 fxg6 26. Qd3 Nc2 27. Nxc2 bxc2 28.
Qxc2 Qg4+ 29. Rg3 Qxf4 30. Rf1 Qh6 31. Nd5 Be5 32. Qf2 Kh8 33. Qf7 Rb8 34. Rh3
Rxb2+ 35. Rf2 Qg5+ 36. Kh1 Rb1+ 37. Rf1 Rxf1+ 38. Qxf1 Kg7 39. Qf2 Qc1+ 40. Kg2
Qg5+ 41. Kf1 Rc5 42. Rf3 Rxc4 43. Qa7+ Kh6 44. Rh3+ Qh5 45. Qe3+ 1-0

[Event "51st World Juniors"]
[Site "Athens GRE"]
[Date "2012.08.08"]
[Round "7.7"]
[White "Schreiner, Peter"]
[Black "Oparin, Grigoriy"]
[Result "1-0"]
[WhiteTitle "FM"]
[BlackTitle "IM"]
[WhiteElo "2444"]
[BlackElo "2488"]
[WhiteFideId "1621645"]
[BlackFideId "24125890"]
[EventDate "2012.08.02"]

1. d4 d5 2. c4 e6 3. Nf3 Nf6 4. g3 Bb4+ 5. Bd2 Be7 6. Bg2 O-O 7. O-O c6 8. Qc2
b6 9. Rd1 Bb7 10. Bf4 Nbd7 11. Ne5 Nxe5 12. dxe5 Nd7 13. cxd5 cxd5 14. e4 dxe4
15. Bxe4 Bxe4 16. Qxe4 Qc7 17. Nc3 Rad8 18. Nb5 Qb8 19. b4 Rfe8 20. Nd4 Nf8 21.
Nc6 Qb7 22. b5 Rxd1+ 23. Rxd1 Rd8 24. Rxd8 Bxd8 25. Qb4 Qd7 26. Qd2 Bc7 27. Be3
Qxd2 28. Bxd2 Nd7 29. f4 f6 30. exf6 Nxf6 31. Nxa7 e5 32. fxe5 Bxe5 33. Nc6 Bb2
34. a4 Nd5 35. Kf1 Ba3 36. Ke2 Kf7 37. Kd3 Ke6 38. Kc4 Nf6 39. Be3 Nd7 40. Bd4
g6 41. Nd8+ Ke7 42. Nb7 Ke6 43. a5 bxa5 44. Nxa5 h5 45. Nb7 Kf5 46. Kd5 g5 47.
Nd6+ Kg4 48. Kc6 Nf8 49. b6 Ne6 50. Kd7 Nf8+ 51. Ke7 Ng6+ 52. Kf7 Bxd6 53. Kxg6
h4 54. Bf2 h3 55. b7 Kf3 56. Ba7 g4 57. Kf5 Kg2 58. Be3 Bxg3 59. Bf4 1-0

[Event "51st World Juniors"]
[Site "Athens GRE"]
[Date "2012.08.08"]
[Round "7.8"]
[White "Pavlidis, Antonios"]
[Black "Wei, Yi"]
[Result "1/2-1/2"]
[WhiteTitle "IM"]
[BlackTitle "FM"]
[WhiteElo "2466"]
[BlackElo "2418"]
[WhiteFideId "4212312"]
[BlackFideId "8603405"]
[EventDate "2012.08.02"]

1. e4 c5 2. Nf3 d6 3. d4 cxd4 4. Nxd4 Nf6 5. Nc3 a6 6. Be3 e5 7. Nb3 Be7 8. h3
Be6 9. Qf3 Nbd7 10. g4 h6 11. O-O-O Rc8 12. Nd5 Bxd5 13. exd5 Nb6 14. Kb1 Nc4
15. h4 Nxe3 16. fxe3 Nd7 17. Qg3 Nc5 18. Nxc5 Rxc5 19. Bd3 e4 20. Bxe4 Bf6 21.
Rd3 Rc4 22. Bf3 Be5 23. Qg2 b5 24. Rb3 Qc7 25. Be2 Rc5 26. Qe4 Ke7 27. Rf1 Rc8
28. Bd3 Qb7 29. a4 Qxd5 30. Qxd5 Rxd5 31. c4 Rxd3 32. Rxd3 bxc4 33. Rd2 Rb8 34.
Kc1 Rb4 35. a5 Ra4 36. Rdf2 f6 37. Kb1 Rxa5 38. Rc1 Ra4 39. Rfc2 Rb4 40. Ka2 d5
41. e4 Ra4+ 42. Kb1 c3 43. bxc3 Rxe4 44. Rg1 a5 45. Rb2 Bxc3 46. Rb7+ Kd6 47.
Rxg7 Re2 48. Rd1 Rb2+ 49. Kc1 Rh2 50. Rd3 Be5 51. Ra7 d4 52. g5 hxg5 53. hxg5
fxg5 54. Rxa5 Ke6 55. Kd1 g4 56. Ke1 Rb2 57. Kf1 Rb1+ 58. Kg2 Rb2+ 59. Kf1 Rb4
60. Rd2 Bf4 61. Re2+ Be3 62. Ra3 Rb1+ 63. Kg2 Rg1+ 64. Kh2 g3+ 65. Kh3 Kf5 66.
Rexe3 dxe3 67. Rxe3 Kf4 68. Ra3 Re1 69. Ra4+ Re4 70. Rxe4+ Kxe4 71. Kxg3 1/2-1/2

[Event "51st World Juniors"]
[Site "Athens GRE"]
[Date "2012.08.08"]
[Round "7.9"]
[White "Zherebukh, Yaroslav"]
[Black "Andersen, Mads"]
[Result "1-0"]
[WhiteTitle "GM"]
[BlackTitle "IM"]
[WhiteElo "2629"]
[BlackElo "2464"]
[WhiteFideId "14116804"]
[BlackFideId "1413864"]
[EventDate "2012.08.02"]

1. e4 e5 2. Nf3 Nc6 3. d4 exd4 4. Nxd4 Nf6 5. Nxc6 bxc6 6. e5 Qe7 7. Qe2 Nd5 8.
c4 Nb6 9. b3 a5 10. Ba3 Qg5 11. Bxf8 Rxf8 12. Nc3 Qe7 13. g3 a4 14. Rc1 axb3 15.
axb3 Ra3 16. Bg2 Rxb3 17. O-O Ba6 18. Ne4 Rb4 19. Rfe1 Rxc4 20. Ra1 Ra4 21. Qb2
Rxa1 22. Qxa1 Bc8 23. Nd6+ Kd8 24. Rd1 f6 25. Bxc6 Qxe5 26. Qb1 Qc5 27. Nxc8
Kxc8 28. Bf3 g6 29. Rc1 Qd6 30. Qe4 Kd8 31. Qb7 c5 32. Qa7 Re8 33. Qa5 Re5 34.
Rb1 Re6 35. Rc1 Re5 36. Rb1 Re6 37. Rc1 Qd3 38. Kg2 c4 39. Rd1 Qb3 40. h4 Ke8
41. h5 f5 42. Qa7 Qc3 43. Qb8+ Kf7 44. hxg6+ hxg6 45. Rh1 Qg7 46. Rh8 c3 47. Bd1
d5 48. Rd8 Qd4 49. Rh8 Qg7 50. Qd8 Re7 51. Bb3 Nd7 52. Bxd5+ Kf6 53. Rg8 Qh6 54.
Qc7 Nf8 55. Qxc3+ Re5 56. f4 1-0

[Event "51st World Juniors"]
[Site "Athens GRE"]
[Date "2012.08.08"]
[Round "7.10"]
[White "Yilmaz, Mustafa"]
[Black "Gao, Rui"]
[Result "1-0"]
[WhiteTitle "IM"]
[BlackTitle "IM"]
[WhiteElo "2543"]
[BlackElo "2442"]
[WhiteFideId "6302718"]
[BlackFideId "8602387"]
[EventDate "2012.08.02"]

1. d4 Nf6 2. c4 g6 3. Nc3 d5 4. Nf3 Bg7 5. Qb3 dxc4 6. Qxc4 O-O 7. e4 a6 8. Qa4
Nc6 9. Be2 Bg4 10. Be3 Nd7 11. d5 b5 12. Qd1 Na5 13. Nd4 Bxe2 14. Qxe2 Ne5 15.
Rd1 Qe8 16. b3 c5 17. dxc6 Nexc6 18. Nd5 Rb8 19. O-O e6 20. Nxc6 Nxc6 21. Nb6
Nd4 22. Bxd4 Bxd4 23. Rxd4 Rxb6 24. e5 Qe7 25. Rfd1 Rc6 26. Qe3 Rc2 27. h4 h5
28. Rd7 Qxh4 29. R1d4 1-0

[Event "51st World Juniors"]
[Site "Athens GRE"]
[Date "2012.08.08"]
[Round "7.11"]
[White "Dimitrov, Radoslav"]
[Black "Grover, Sahaj"]
[Result "0-1"]
[WhiteTitle "IM"]
[BlackTitle "IM"]
[WhiteElo "2424"]
[BlackElo "2516"]
[WhiteFideId "2908549"]
[BlackFideId "5021103"]
[EventDate "2012.08.02"]

1. e4 e6 2. d4 d5 3. Nc3 Bb4 4. Ne2 Nc6 5. a3 Ba5 6. Be3 Nge7 7. f3 O-O 8. Qd2
e5 9. b4 Bb6 10. exd5 Nxd4 11. Nxd4 exd4 12. Bxd4 Bxd4 13. Qxd4 Nf5 14. Qf2 Qf6
15. Kd2 c6 16. Bd3 Rd8 17. Rae1 a5 18. f4 axb4 19. Ne4 Qh6 20. g4 cxd5 21. Ng5
Nd6 22. Bxh7+ Kh8 23. Bd3 Bxg4 24. Re3 Kg8 25. Rg1 Nc4+ 26. Kc1 Qf6 27. Bh7+ Kf8
28. c3 Nxe3 29. Qxe3 Rac8 30. Bc2 Bf5 0-1

[Event "51st World Juniors"]
[Site "Athens GRE"]
[Date "2012.08.08"]
[Round "7.12"]
[White "Holt, Conrad"]
[Black "Kilpatrick, Callum"]
[Result "1-0"]
[WhiteTitle "IM"]
[BlackTitle "FM"]
[WhiteElo "2498"]
[BlackElo "2326"]
[WhiteFideId "2034387"]
[BlackFideId "414425"]
[EventDate "2012.08.02"]

1. d4 Nf6 2. c4 g6 3. Nc3 d5 4. Nf3 Bg7 5. Qb3 dxc4 6. Qxc4 O-O 7. e4 Nc6 8. Be2
Bg4 9. d5 Na5 10. Qa4 Bxf3 11. Bxf3 c6 12. O-O b5 13. Qb4 a6 14. Bg5 Re8 15.
Rad1 Rc8 16. e5 Nxd5 17. Bxd5 cxd5 18. Nxd5 Nc6 19. Qe1 Qa5 20. Qxa5 Nxa5 21.
Nxe7+ Rxe7 22. Bxe7 Nc6 23. Bf6 Nxe5 24. Bxg7 Kxg7 25. Rc1 Rb8 26. Rfd1 Rb6 27.
Rc5 Re6 28. h3 h5 29. Rcd5 Re7 30. Kf1 g5 31. Re1 f6 32. h4 Kg6 33. hxg5 Kxg5
34. g3 Kg4 35. Kg2 1-0

[Event "51st World Juniors"]
[Site "Athens GRE"]
[Date "2012.08.08"]
[Round "7.13"]
[White "Bluebaum, Matthias"]
[Black "Heimann, Andreas"]
[Result "1/2-1/2"]
[WhiteTitle "IM"]
[BlackTitle "IM"]
[WhiteElo "2424"]
[BlackElo "2493"]
[WhiteFideId "24651516"]
[BlackFideId "24624632"]
[EventDate "2012.08.02"]

1. d4 d5 2. c4 c6 3. Nc3 Nf6 4. e3 a6 5. Qc2 e6 6. Nf3 c5 7. cxd5 exd5 8. Be2
Be6 9. O-O Nc6 10. Rd1 cxd4 11. Nxd4 Nxd4 12. Rxd4 Bc5 13. Rd1 Qe7 14. Qa4+ Bd7
15. Qb3 Be6 16. Bf3 O-O 17. Nxd5 Nxd5 18. Bxd5 Bxd5 19. Rxd5 Rad8 20. g3 Bb6 21.
Rxd8 Rxd8 22. Bd2 Rxd2 23. Qxb6 Qe4 24. Rc1 h6 25. Qb3 Qf5 26. Rf1 b5 27. Qc3
Qc2 28. Qa5 Rd1 29. h3 Rxf1+ 30. Kxf1 Qb1+ 31. Kg2 Qe4+ 32. Kh2 Qc2 33. Kg2 Qe4+
34. Kh2 Qc2 35. Kg2 1/2-1/2

[Event "51st World Juniors"]
[Site "Athens GRE"]
[Date "2012.08.08"]
[Round "7.14"]
[White "Cori, Jorge"]
[Black "Zhou, Yang-Fan"]
[Result "1-0"]
[WhiteTitle "GM"]
[BlackTitle "IM"]
[WhiteElo "2487"]
[BlackElo "2430"]
[WhiteFideId "3802272"]
[BlackFideId "468584"]
[EventDate "2012.08.02"]

1. d4 Nf6 2. c4 g6 3. Nf3 Bg7 4. g3 O-O 5. Bg2 d6 6. O-O Nbd7 7. b3 Ne4 8. Bb2
Ndf6 9. Nfd2 Nxd2 10. Qxd2 c6 11. e4 Nd7 12. f4 e5 13. Na3 Qe7 14. c5 exd4 15.
cxd6 Qxd6 16. e5 Qe7 17. Qxd4 Nb6 18. Nc2 Rd8 19. Qf2 Be6 20. Ba3 Qd7 21. Ne3
Qd2 22. Rad1 Qxf2+ 23. Kxf2 f6 24. exf6 Bxf6 25. Bc5 Kf7 26. Be4 Nd5 27. Bxd5
Bxd5 28. Nxd5 cxd5 29. Rc1 b6 30. Bb4 Rac8 31. Ke3 a5 32. Bd2 h5 33. Kd3 Re8 34.
f5 g5 35. a4 g4 36. Rxc8 Rxc8 37. Rc1 Rxc1 38. Bxc1 Be7 39. Kd4 Bc5+ 40. Kxd5
Bg1 41. Ke4 Bxh2 42. Kf4 Kf6 43. Bb2+ Ke7 44. Be5 h4 45. Kxg4 hxg3 46. Bxg3 Bg1
47. Kf3 Kd7 48. Bf2 1-0

[Event "51st World Juniors"]
[Site "Athens GRE"]
[Date "2012.08.08"]
[Round "7.15"]
[White "Lapidus, Mark"]
[Black "Indjic, Aleksandar"]
[Result "1-0"]
[BlackTitle "IM"]
[WhiteElo "2129"]
[BlackElo "2481"]
[WhiteFideId "4502299"]
[BlackFideId "911925"]
[EventDate "2012.08.02"]

1. Nf3 g6 2. c4 Bg7 3. d4 d6 4. Nc3 Bg4 5. e3 c6 6. Be2 Nd7 7. O-O Ngf6 8. b3
O-O 9. Qc2 Re8 10. h3 Bxf3 11. Bxf3 Qc7 12. Ba3 a6 13. Rac1 e6 14. Rfd1 Bf8 15.
d5 exd5 16. cxd5 c5 17. Bb2 b5 18. g3 Bg7 19. Ne2 Qb6 20. Qb1 b4 21. g4 h6 22.
Ng3 a5 23. Nf1 a4 24. Nd2 Qd8 25. Nc4 Nb6 26. Nxb6 Qxb6 27. bxa4 Nd7 28. Bxg7
Kxg7 29. Qc2 Qa5 30. Be2 Qxa4 31. Qxa4 Rxa4 32. Bb5 Ra7 33. a3 Rb8 34. Bxd7 b3
35. Rc3 b2 36. Bf5 gxf5 37. Rb1 Kf6 38. f4 Rab7 39. Kf2 Rb3 40. Rc2 h5 41. g5+
Ke7 42. Ke2 Kd7 43. Kd2 Kc7 44. Rc3 R8b7 45. Kc2 R3b6 46. h4 Kb8 47. e4 fxe4 48.
Re3 Kc8 49. f5 Rb5 50. f6 c4 51. Rxe4 Rxd5 52. g6 Rf5 53. Re8+ Kd7 54. Re7+ Kc6
55. Rxb7 fxg6 56. R1xb2 Rxf6 57. Kc3 Rf4 58. R7b6+ Kc7 59. R6b4 d5 60. Rb7+ Kc8
61. Rg7 Rf3+ 62. Kb4 c3 63. Re2 Kd8 64. Re6 c2 65. Rd6+ Ke8 66. Rc6 Rf4+ 67. Kb3 1-0

[Event "51st World Juniors"]
[Site "Athens GRE"]
[Date "2012.08.08"]
[Round "7.16"]
[White "Griffiths, Ryan Rhys"]
[Black "Van Kampen, Robin"]
[Result "0-1"]
[WhiteTitle "FM"]
[BlackTitle "GM"]
[WhiteElo "2362"]
[BlackElo "2565"]
[WhiteFideId "2502054"]
[BlackFideId "1020854"]
[EventDate "2012.08.02"]

1. d4 d5 2. c4 c6 3. Nf3 Nf6 4. Qb3 dxc4 5. Qxc4 Bg4 6. Nc3 Nbd7 7. e4 e5 8. Be3
Bd6 9. O-O-O O-O 10. Qb3 Qc7 11. Be2 Rad8 12. dxe5 Nxe5 13. Nxe5 Bxe5 14. f3 Be6
15. Bc4 Bxc4 16. Qxc4 Bxh2 17. Ne2 Be5 18. g4 Rxd1+ 19. Rxd1 h6 20. Rg1 Re8 21.
g5 hxg5 22. Rxg5 Qd7 23. Nd4 Bxd4 24. Bxd4 Rd8 25. e5 Ne8 26. e6 fxe6 27. Rh5 c5 0-1